000 00328nam a22001337a 4500
008 170412b xxu||||| |||| 00| 0 eng d
020 _a0838579558
041 _aeng
080 _a618
100 _a10
101 _aSHM
245 _aTHE PRINCIPLES ULTRASONGRAPHY IN OBSTETRICS AND GYNECOLOGY
_cSANDERS.R.C
942 _2udc
_cBK
999 _c10458
_d10458